Werewolf by Night Characters - Statistics

General Stats
  • This quiz has been taken 27 times
  • The average score is 7 of 12
Answer Stats
Hint Answer % Correct
Wins the Bloodstone gem Elsa Bloodstone
100%
Monster who held the Bloodstone Man Thing
100%
Titular character Werewolf by Night
100%
Founder of the monster hunter group Ulysses Bloodstone
86%
Monster in disguise Jack Russell
81%
Above’s real name Ted Sallis
76%
Elsa’s stepmother Verussa Bloodstone
71%
Monster hunter killed by Elsa Azarel
19%
Monster hunter killed by Elsa Barasso
19%
Butler Billy Swan
19%
Monster hunter killed by Man-Thing Joshua Jovan
19%
Monster hunter shot by Elsa Liorn
14%
No matching quizzes found
Score Distribution
Percent of People with Each Score
Percentile by Number Answered
Your Score History
You have not taken this quiz